000 00667nam a2200265Ia 4500
005 20260306163616.0
008 008 260114s9999 xx 000 0 eng d
020 _a9781469651408
037 _aEBOOK
040 _aCRL
040 _beng
040 _cCRL
041 _2eng
041 _aeng
084 _qCRL
100 _aMiller
245 0 _aIndians On The Move: Native American Mobility And Urbanization In The Twentieth Century
260 _bUniversity of North Carolina Press
260 _c2020
650 _aSocial Work
856 _uhttps://academic.oup.com/book/34051
942 _cEBOOK
999 _c1710780
_d1710780